000 01054nam0a22003011 4500
001 rc\4136054
005 20250611003243.0
021 _aRU
_b81-Кр-40/28
035 _a(NLR Aleph) 007987056
090 _a8555621
_c8555621
100 _a20130415d1952 |||y0rusy50 ca
101 0 _arus
102 _aRU
105 _aa z |||||
200 1 _aК истории "паранджи"
210 _a[Москва
_aЛенинград
_cИзд-во АН СССР
_d1952]
215 _a191-195 с.
_cил.
_d26
300 _aЭкз. РНБ (КрII/1550): дарств. надпись
300 _aВ надзаг.: АН СССР
300 _a"Сов. этнография, № 3, 1952". Отд. отт.
320 _aБиблиогр. в подстроч. примеч.
700 1 _4070
_7ca
_8rus
_aПугаченкова
_bГ. А.
_f1915-2007
_gГалина Анатольевна
_9268024
_3RU\NLR\AUTH\770268080
801 0 _aRU
_bNLR
_gpsbo
801 1 _aRU
_bELAR
_2rusmarc
852 _aNLR
_jКрII/1550
942 _cBOOK
980 _aNB